Handbook of landscape architecture Vol - 1 (Record no. 6760)
[ view plain ]
| 000 -LEADER | |
|---|---|
| fixed length control field | 00324nam a2200133Ia 4500 |
| 008 - FIXED-LENGTH DATA ELEMENTS--GENERAL INFORMATION | |
| fixed length control field | 200302s9999 xx 000 0 und d |
| 082 ## - DEWEY DECIMAL CLASSIFICATION NUMBER | |
| Classification number | 712 |
| Item number | VEN |
| 100 ## - MAIN ENTRY--PERSONAL NAME | |
| Personal name | Alex Vedder |
| 245 ## - TITLE STATEMENT | |
| Title | Handbook of landscape architecture Vol - 1 |
| 260 ## - PUBLICATION, DISTRIBUTION, ETC. (IMPRINT) | |
| Name of publisher, distributor, etc | Callisto Reference Published |
| 260 ## - PUBLICATION, DISTRIBUTION, ETC. (IMPRINT) | |
| Date of publication, distribution, etc | 2015 |
| 300 ## - PHYSICAL DESCRIPTION | |
| Extent | 402 |
| 942 ## - ADDED ENTRY ELEMENTS (KOHA) | |
| Source of classification or shelving scheme | |
| Withdrawn status | Lost status | Damaged status | Not for loan | Permanent location | Current location | Date acquired | Cost, normal purchase price | Barcode | Date last seen | Price effective from | Koha item type | Source of classification or shelving scheme | Koha normalized classification for sorting | Shelving location | Full call number |
|---|---|---|---|---|---|---|---|---|---|---|---|---|---|---|---|
| BMS College of Architecture, Design and Planning | BMS College of Architecture, Design and Planning | 2020-03-03 | 7381.00 | AR-UG662 | 2020-03-03 | 2020-03-03 | UG Books | ||||||||
| BMS College of Architecture, Design and Planning | BMS College of Architecture, Design and Planning | 2020-03-09 | AR-UG1648 | 2020-03-09 | 2020-03-09 | UG Books | 712_000000000000000_VEN | Book Cart | 712 VEN |